| 000 | 00953nam a22002537a 4500 | ||
|---|---|---|---|
| 005 | 20240530110503.0 | ||
| 008 | 150504s2011 ua g 000 0 ara d | ||
| 017 |
_a20297 _bمصر . دار الكتب المصرية |
||
| 020 | _a9789776276963 | ||
| 040 | _aEG-CaGPL | ||
| 082 | 0 | 4 |
_221 _a320.11\ _bر ع |
| 100 | 1 |
_aروسو ، جاك جاك _qجاك جاك روسو |
|
| 245 | 1 | 2 |
_aالعقد الاجتماعى او مبادئ الحقوق السياسية / _cتاليف جاك جاك روسو ؛ ترجمة عادل زعيتر |
| 250 | _aط1 | ||
| 260 |
_aالقاهرة : _bدار العالم العربى ، _c2011 . |
||
| 300 |
_a159 ص ؛ _c24 سم |
||
| 650 | 0 | 4 | _aالحقوق السياسية |
| 650 | 0 | 4 | _aالقانون الدستورى |
| 650 | 0 | 4 | _aالعلوم السياسية |
| 650 | 0 | 4 | _aالمواطنة |
| 700 | 0 |
_aعادل زعيتر _eمترجم |
|
| 942 |
_2ddc _cBK |
||
| 999 |
_c61506 _d61506 |
||